| 000 | 00511nam a22001817a 4500 | ||
|---|---|---|---|
| 005 | 20220209163714.0 | ||
| 007 | ta | ||
| 008 | 220209b |||||||| |||| 00| 0 sp d | ||
| 040 |
_aCUSACQ _cCUSACQ |
||
| 041 | _aspa | ||
| 082 | _aS.G.347.7281 G918 | ||
| 100 |
_aGuatemala. (Leyes, etc.) _9438 |
||
| 245 | _aCódigo de Comercio República de Guatemala./ | ||
| 260 |
_aGuatemala: _bCultural Guatemalteca, _cc1970. |
||
| 300 |
_a197 p.; _c21 cm. |
||
| 650 |
_aDerecho Mercantil - Guatemala. _9439 |
||
| 942 |
_2ddc _cBK _n0 |
||
| 999 |
_c181 _d181 |
||